LIBRARY & INFORMATION CENTRE, KCAET, TAVANUR

ONLINE PUBLIC ACCESS CATALOGUE (OPAC)

Grandhaviharam / (Record no. 11674)

MARC details
000 -LEADER
fixed length control field 00460cam a2200181ua 4500
041 ## - LANGUAGE CODE
Language code of text/sound track or separate title mal
082 ## - DEWEY DECIMAL CLASSIFICATION NUMBER
Classification number 894.81209
Item number NAR/GR
100 ## - MAIN ENTRY--AUTHOR NAME
Personal name Narayana Menon, Vallathol.
245 ## - TITLE STATEMENT
Title Grandhaviharam /
250 ## - EDITION STATEMENT
Edition statement 2 /
260 ## - PUBLICATION, DISTRIBUTION, ETC. (IMPRINT)
Place of publication Cheruthuruthy :
Name of publisher Vallathol Granthalayam ,
Year of publication 1958.
300 ## - PHYSICAL DESCRIPTION
Number of Pages 268 ; .
942 ## - ADDED ENTRY ELEMENTS (KOHA)
Koha item type Books
Holdings
Withdrawn status Lost status Damaged status Home library Current library Date acquired Full call number Accession Number Koha item type
Withdrawn     KAUAET Sanskrit University 07/04/2012 894.81209 4703 Books
free website counter